EEIF - Les GL et leurs foulards #1 - Statistiques

Statistiques générales
  • Ce quiz a été pris 36 fois
  • Le résultat moyen est 6 sur 15
Statistiques - réponses
Groupes Locaux Foulards % Correct
Boulogne Henri Schilli Bleu Blanc
77%
Israël Ron Arad Blanc Bleu
73%
Levallois Bar Cokhba Rouge Jaune
64%
Marseille Robert Gamzon Rouge Bleu
55%
Enghein Elie Cohen Jaune Noir
50%
Grenoble Marc Chagall Blanc Noir
45%
Lyon Mordekhai Anilewicz Jaune Marron
45%
Lille Raymond Winter Vert Rouge
41%
Issy-les-Moulineaux René Cassin Violet Rouge
41%
Aix-en-Provence Darius Milhaud Noir Bleu
36%
Colmar-Mulhouse Buisson Ardent Rouge Bleu Vert
36%
Bordeaux Cohav Blanc Bleu Noir
27%
Anthony Shlomo Amelekh Blanc Vert Violet
27%
Metz Elie Bloch Bleu Bleu
18%
Montréal Albert Einstein Blanc Bleu
5%
Aucun quiz correspondant
Distribution des résultats
% des personnes avec chaque résultat
Percentile par nombre de réponses
Votre historique - résultats
Vous n’avez pas pris ce quiz